[Event "Cto España Equipos Div. Honor"]
[Site "Mondariz - Hotel Cemar"]
[Date "2002.11.30"]
[Round "1.1"]
[White "Giorgadze, Giorgi"]
[Black "Hernandez, Gilberto"]
[Result "1/2-1/2"]
[WhiteElo "2601"]
[BlackElo "2546"]
[PlyCount "56"]
[EventDate "2002.11.30"]

1. e4 c5 2. Nc3 Nc6 3. f4 g6 4. Nf3 Bg7 5. Bc4 e6 6. O-O Nge7 7. d3 O-O 8. Qe1
d5 9. Bb3 Nd4 10. Nxd4 cxd4 11. Nd1 a5 12. a4 dxe4 13. dxe4 b6 14. Rf3 Ba6 15.
Rh3 Nc6 16. Nf2 Qe7 17. e5 Nb4 18. Bd2 Rac8 19. Bxb4 Qxb4 20. Qxb4 axb4 21. Ne4
Rfd8 22. Rd1 Rc6 23. g4 Be2 24. Rd2 Bxg4 25. Rhd3 Bf5 26. Rxd4 Rxd4 27. Rxd4
Bxe4 28. Rxe4 Bf8 1/2-1/2

[Event "Cto España Equipos Div. Honor"]
[Site "Mondariz - Hotel Cemar"]
[Date "2002.11.30"]
[Round "1.1"]
[White "Rustemov, Alexander"]
[Black "Rodriguez Vargas, Orestes"]
[Result "1/2-1/2"]
[WhiteElo "2597"]
[BlackElo "2465"]
[PlyCount "177"]
[EventDate "2002.11.30"]

1. d4 d5 2. c4 c6 3. Nf3 Nf6 4. Qc2 e6 5. Bg5 h6 6. Bxf6 Qxf6 7. Nbd2 Nd7 8. g3
c5 9. cxd5 exd5 10. Bg2 Bd6 11. O-O O-O 12. e4 cxd4 13. exd5 Nc5 14. Ne4 Nxe4
15. Qxe4 Bc5 16. Rad1 Bf5 17. Qe5 Qxe5 18. Nxe5 Rfe8 19. Nd3 Bxd3 20. Rxd3 a5
21. Bf3 Ra7 22. a3 a4 23. h4 b6 24. h5 Kf8 25. Kg2 Re5 26. Rh1 Ke7 27. Rh4 Kd6
28. Rg4 f6 29. Rh4 b5 30. Rh1 Rb7 31. Rd2 b4 32. axb4 Rxb4 33. Ra1 Re7 34. Ra2
Re1 35. Bd1 Kxd5 36. Bxa4 Re7 37. Bc2 Ra7 38. Rxa7 Bxa7 39. Bg6 Kd6 40. Kf3 Bc5
41. Bf7 Rb7 42. Bc4 Re7 43. Rd1 Rb7 44. b3 Re7 45. Kf4 Re5 46. g4 Re7 47. Rb1
Bb4 48. Ra1 Bd2+ 49. Kf3 Kc5 50. Ra4 Bc3 51. Bd3 Rb7 52. Rc4+ Kd6 53. Bc2 d3
54. Bxd3 Rxb3 55. Bc2 Ra3 56. Ke4 Be1 57. f4 Ra5 58. Bd3 f5+ 59. gxf5 Bh4 60.
Rb4 Bf6 61. Bc2 Ra1 62. Bb1 Kc5 63. Rb8 Ra4+ 64. Ke3 Bd4+ 65. Ke2 Bf6 66. Kf3
Ra3+ 67. Kg4 Re3 68. Ba2 Kd4 69. Be6 Kd3 70. Bd5 Ke2 71. Ra8 Kd2 72. Bf3 Re1
73. Bg2 Re3 74. Ra2+ Kc3 75. Bf3 Re1 76. Kg3 Rg1+ 77. Kf2 Rb1 78. Ke3 Re1+ 79.
Be2 Bd4+ 80. Kf3 Bf6 81. Ra3+ Kd4 82. Rd3+ Kc5 83. Rd2 Ra1 84. Rc2+ Kd4 85.
Rd2+ Kc5 86. Rd3 Rc1 87. Rd2 Ra1 88. Bf1 Be7 89. Be2 1/2-1/2

[Event "Cto España Equipos Div. Honor"]
[Site "Mondariz - Hotel Cemar"]
[Date "2002.11.30"]
[Round "1.2"]
[White "Almagro, Pablo"]
[Black "Magem Badals, Jorge"]
[Result "0-1"]
[WhiteElo "2273"]
[BlackElo "2506"]
[PlyCount "44"]
[EventDate "2002.11.30"]

1. e4 c5 2. Nf3 Nc6 3. d4 cxd4 4. Nxd4 Qc7 5. Nc3 e6 6. Be2 a6 7. O-O Nf6 8.
Be3 h5 9. f4 b5 10. Nxc6 Qxc6 11. Bf3 Ng4 12. e5 Qc7 13. Bd4 Bb7 14. Bxb7 Qxb7
15. h3 Nh6 16. Qxh5 Rc8 17. a3 Rc4 18. Rfd1 g6 19. Qh4 Be7 20. Qf2 Nf5 21. Rd3
Nxd4 22. Rxd4 Bc5 0-1

[Event "Cto España Equipos Div. Honor"]
[Site "Mondariz - Hotel Cemar"]
[Date "2002.11.30"]
[Round "1.2"]
[White "Arizmendi, Julen"]
[Black "Franco Ocampos, Zenon"]
[Result "0-1"]
[WhiteElo "2510"]
[BlackElo "2504"]
[PlyCount "120"]
[EventDate "2002.11.30"]

1. e4 g6 2. d4 Bg7 3. Nf3 d6 4. Be2 Nf6 5. Nc3 O-O 6. O-O c5 7. d5 Na6 8. Bf4
Nc7 9. a4 a6 10. h3 b6 11. Bc4 Bb7 12. Re1 Qd7 13. Qd3 Rad8 14. Rad1 Qc8 15.
Qe3 Rfe8 16. Rd2 Ba8 17. Bh6 e6 18. Bxg7 Kxg7 19. dxe6 fxe6 20. e5 dxe5 21.
Rxd8 Qxd8 22. Rd1 Nfd5 23. Qxe5+ Qf6 24. Qxf6+ Kxf6 25. Ne4+ Ke7 26. a5 b5 27.
Bf1 c4 28. Ne5 Rd8 29. b3 Nb4 30. Rxd8 Kxd8 31. Nc3 Ncd5 32. Nxd5 exd5 33. c3
Na2 34. bxc4 dxc4 35. Nxc4 Nxc3 36. Nb2 Kc7 37. f3 Kd6 38. Nd3 Nd5 39. Kf2 Bc6
40. Ke1 Ne3 41. Be2 Nxg2+ 42. Kd2 Nh4 43. f4 Bb7 44. Kc3 Nf5 45. Nb4 Ng3 46.
Bd1 Ne4+ 47. Kd4 Nf2 48. Bc2 Nxh3 49. Be4 Bc8 50. Nd3 g5 51. Bxh7 Nxf4 52. Nxf4
gxf4 53. Be4 Kc7 54. Ke5 Bb7 55. Kxf4 Bxe4 56. Kxe4 Kc6 57. Kd4 Kd6 58. Kc3 Kd5
59. Kb4 Kd4 60. Kb3 Kc5 0-1

[Event "Cto España Equipos Div. Honor"]
[Site "Mondariz - Hotel Cemar"]
[Date "2002.11.30"]
[Round "1.2"]
[White "Campos Moreno, Javier B"]
[Black "Romero Holmes, Alfonso"]
[Result "1-0"]
[WhiteElo "2475"]
[BlackElo "2524"]
[PlyCount "76"]
[EventDate "2002.11.30"]

1. d4 b5 2. a4 b4 3. e4 Bb7 4. Bd3 Nf6 5. Qe2 e6 6. Nf3 c5 7. Bg5 h6 8. Bh4
cxd4 9. e5 g5 10. Bg3 Nh5 11. Nbd2 Nc6 12. Nc4 Na5 13. Nd6+ Bxd6 14. exd6 Nxg3
15. fxg3 Qb6 16. Ne5 Rf8 17. O-O Qxd6 18. Nxf7 Rxf7 19. Qh5 O-O-O 20. Qxf7 b3
21. Qf6 bxc2 22. Rac1 Nc6 23. Rxc2 Kb8 24. Qxh6 Nb4 25. Qxg5 Re8 26. Qg6 Rd8
27. Qf6 Qb6 28. Rd2 Rc8 29. Bb5 d3+ 30. Qf2 d5 31. Qxb6 axb6 32. Bxd3 Re8 33.
g4 Kc7 34. g5 Kd6 35. h4 e5 36. g6 d4 37. g7 e4 38. h5 Rg8 1-0

[Event "Cto España Equipos Div. Honor"]
[Site "Mondariz - Hotel Cemar"]
[Date "2002.11.30"]
[Round "1.2"]
[White "Narciso Dublan, Marc"]
[Black "Damljanovic, Branko"]
[Result "0-1"]
[WhiteElo "2467"]
[BlackElo "2550"]
[PlyCount "64"]
[EventDate "2002.11.30"]

1. d4 Nf6 2. c4 g6 3. g3 Bg7 4. Bg2 O-O 5. Nf3 d6 6. O-O c6 7. Nc3 Qa5 8. e4 e5
9. h3 Nbd7 10. Re1 exd4 11. Nxd4 Ne5 12. Bf1 Be6 13. Nxe6 fxe6 14. Kg2 Rad8 15.
Bd2 Qc7 16. f4 Nf7 17. Qb3 e5 18. f5 Kh8 19. Be3 gxf5 20. exf5 b6 21. Kh2 Bh6
22. Bf2 Qd7 23. Qc2 Rg8 24. Rad1 Rg5 25. g4 Rg7 26. Bg3 Rdg8 27. Ne4 Qe7 28.
Bg2 Bg5 29. Nxf6 Qxf6 30. Bxc6 h5 31. Rh1 Bf4 32. Bd5 hxg4 0-1

[Event "Cto España Equipos Div. Honor"]
[Site "Mondariz - Hotel Cemar"]
[Date "2002.11.30"]
[Round "1.3"]
[White "Baron Rodriguez, Jesus"]
[Black "Granados Gomez, Manuel"]
[Result "0-1"]
[WhiteElo "2412"]
[BlackElo "2410"]
[PlyCount "86"]
[EventDate "2002.11.30"]

1. e4 e5 2. Nf3 Nc6 3. Bb5 Bc5 4. O-O Qf6 5. d3 h6 6. Be3 Bb6 7. c4 Nd4 8. Nxd4
exd4 9. Bd2 c6 10. Ba4 Ne7 11. f4 h5 12. f5 Bc7 13. Qc1 Qh4 14. Rf4 Bxf4 15.
Bxf4 Qf6 16. c5 b5 17. Bb3 g6 18. Nd2 g5 19. Bd6 Bb7 20. e5 Qxf5 21. Ne4 Qf4
22. Qe1 Qe3+ 23. Qxe3 dxe3 24. Nxg5 Nd5 25. Re1 h4 26. Bxd5 cxd5 27. d4 Rg8 28.
Nh7 O-O-O 29. Nf6 Rg4 30. Rxe3 Rf4 31. Rf3 Rxf3 32. gxf3 b4 33. Kg2 Rh8 34. Kh3
a5 35. Be7 Kc7 36. Ng4 Ba6 37. Ne3 Bc4 38. a3 Kc6 39. axb4 axb4 40. Bf6 Ra8 41.
Kxh4 Ra2 42. Kg3 Rxb2 43. h4 Bd3 0-1

[Event "Cto España Equipos Div. Honor"]
[Site "Mondariz - Hotel Cemar"]
[Date "2002.11.30"]
[Round "1.3"]
[White "Del Rio Angelis, Gabriel"]
[Black "Martin Gonzalez, Angel"]
[Result "1/2-1/2"]
[WhiteElo "2494"]
[BlackElo "2411"]
[PlyCount "91"]
[EventDate "2002.11.30"]

1. e4 c5 2. Nf3 d6 3. d4 cxd4 4. Nxd4 Nf6 5. Nc3 g6 6. Be3 Bg7 7. f3 Nc6 8. Qd2
O-O 9. Bc4 Bd7 10. O-O-O Qa5 11. h4 Ne5 12. Bb3 Rfc8 13. g4 Nc4 14. Bxc4 Rxc4
15. h5 Rac8 16. Nb3 Qa6 17. hxg6 fxg6 18. e5 Ne8 19. Qh2 h5 20. Bd4 Rxd4 21.
Rxd4 Rxc3 22. bxc3 Bxe5 23. Qd2 hxg4 24. Re4 Bf6 25. Qh6 Kf7 26. fxg4 Bc6 27.
Rf4 Bxh1 28. g5 Bd5 29. gxf6 Nxf6 30. Qh7+ Kf8 31. Qxg6 Qxa2 32. Nd4 Qa1+ 33.
Kd2 Qh1 34. Rxf6+ exf6 35. Qxf6+ Kg8 36. c4 Qh2+ 37. Kc3 Qg3+ 38. Kd2 Qh2+ 39.
Kc1 Qe5 40. Qd8+ Kg7 41. cxd5 Qxd4 42. Qd7+ Kg8 43. Qc8+ Kg7 44. Qd7+ Kg8 45.
Qc8+ Kg7 46. Qd7+ 1/2-1/2

[Event "Cto España Equipos Div. Honor"]
[Site "Mondariz - Hotel Cemar"]
[Date "2002.11.30"]
[Round "1.3"]
[White "Moreno, Javier"]
[Black "Castillo Gallego, Sergio"]
[Result "1-0"]
[WhiteElo "2503"]
[BlackElo "2208"]
[PlyCount "81"]
[EventDate "2002.11.30"]

1. e4 e5 2. Nf3 Nc6 3. Bb5 Nge7 4. c3 d5 5. Qe2 Bg4 6. h3 dxe4 7. hxg4 exf3 8.
Qxf3 Qd5 9. Qxd5 Nxd5 10. d3 O-O-O 11. g3 Be7 12. Nd2 h6 13. Ke2 Nb8 14. Ne4
Nb6 15. a4 c6 16. a5 cxb5 17. axb6 a6 18. Be3 Nd7 19. Rh5 f6 20. Rhh1 Kb8 21.
c4 bxc4 22. dxc4 Rc8 23. Rhd1 Nc5 24. Nd6 Rc6 25. Nf5 Bd8 26. b4 Ne6 27. c5 g6
28. Nd6 Be7 29. Nxb7 Nd4+ 30. Bxd4 exd4 31. Na5 Re6+ 32. Kd3 f5 33. Re1 Rxe1
34. Rxe1 Bd8 35. gxf5 gxf5 36. Nc6+ Kb7 37. Na5+ Kb8 38. Re5 Rf8 39. Nc6+ Kb7
40. Na5+ Kb8 41. Rd5 1-0

[Event "Cto España Equipos Div. Honor"]
[Site "Mondariz - Hotel Cemar"]
[Date "2002.11.30"]
[Round "1.3"]
[White "Reinaldo Castiñeira, Roi"]
[Black "Vassallo, Mauricio"]
[Result "1/2-1/2"]
[WhiteElo "2412"]
[BlackElo "2460"]
[PlyCount "73"]
[EventDate "2002.11.30"]

1. e4 g6 2. d4 Bg7 3. Nc3 d6 4. Be3 a6 5. Qd2 Nd7 6. f3 b5 7. a4 b4 8. Nd1 Rb8
9. Bc4 c6 10. Ne2 Ngf6 11. O-O O-O 12. Bb3 Qc7 13. Bh6 c5 14. Bxg7 Kxg7 15. Ne3
cxd4 16. Nxd4 Nc5 17. Rfd1 Bd7 18. Qf2 e5 19. Ne2 Be6 20. Bd5 Bxd5 21. Nxd5
Nxd5 22. Rxd5 Rfd8 23. b3 Ne6 24. Rd2 a5 25. Rad1 Qc5 26. Qxc5 dxc5 27. Rxd8
Rxd8 28. Rxd8 Nxd8 29. Kf2 Kf6 30. Ke3 Ke6 31. Ng3 Kd6 32. Nf1 c4 33. Nd2 cxb3
34. Nc4+ Ke6 35. cxb3 Nb7 36. g3 f5 37. g4 1/2-1/2

[Event "Cto España Equipos Div. Honor"]
[Site "Mondariz - Hotel Cemar"]
[Date "2002.11.30"]
[Round "1.4"]
[White "Garcia Padron, Jose"]
[Black "Gonzalez Velez, Fermin"]
[Result "0-1"]
[WhiteElo "2426"]
[BlackElo "2379"]
[PlyCount "74"]
[EventDate "2002.11.30"]

1. e4 c5 2. Nf3 a6 3. g3 b5 4. Bg2 Bb7 5. d3 d6 6. O-O Nd7 7. a4 Ngf6 8. Na3 g6
9. Bf4 e5 10. Bg5 Bc6 11. c3 h6 12. Bd2 Bg7 13. Qc1 c4 14. axb5 axb5 15. dxc4
bxc4 16. Nxc4 Qc7 17. Rxa8+ Bxa8 18. Na3 Bxe4 19. Nh4 Bxg2 20. Nxg2 h5 21. c4
Nc5 22. Rd1 O-O 23. Bh6 Nb3 24. Qe3 Bxh6 25. Qxb3 Ne4 26. Qd3 Qb7 27. Nb5 Ra8
28. h4 Ra2 29. Qb1 Ra6 30. Ne1 Kh7 31. Qd3 f5 32. Nc2 f4 33. Re1 Nc5 34. Qd1
fxg3 35. fxg3 Ne4 36. Qf3 d5 37. cxd5 Nd2 {tiempo tiempo} 0-1

[Event "Cto España Equipos Div. Honor"]
[Site "Mondariz - Hotel Cemar"]
[Date "2002.11.30"]
[Round "1.4"]
[White "Jerez, Alfonso"]
[Black "De La Rocha Prieto, Ramon"]
[Result "1-0"]
[WhiteElo "2392"]
[BlackElo "2285"]
[PlyCount "80"]
[EventDate "2002.11.30"]

1. d4 d6 2. g3 e5 3. Bg2 exd4 4. Qxd4 Nc6 5. Qd1 Nf6 6. Nc3 g6 7. Nf3 Bg7 8.
O-O O-O 9. Bf4 Re8 10. Re1 Bf5 11. Nh4 Bd7 12. Qd2 Qc8 13. Rad1 Ne5 14. b3 Bc6
15. e4 b5 16. Bxe5 dxe5 17. Nd5 Qb7 18. Qa5 Bxd5 19. exd5 e4 20. c4 Qb6 21.
Qxb5 Qxb5 22. cxb5 Re5 23. f4 Rxd5 24. Rxd5 Nxd5 25. Rxe4 Rd8 26. Nf3 Nc3 27.
Rc4 Nxb5 28. a4 Nd4 29. Rxc7 Nxf3+ 30. Bxf3 a5 31. Be2 Bd4+ 32. Kf1 Kg7 33. Bc4
Rf8 34. Ke2 Kf6 35. g4 h6 36. Bd5 g5 37. f5 Bb2 38. Rc5 Rd8 39. Rxa5 Ke5 40.
Bxf7+ Kd4 1-0

[Event "Cto España Equipos Div. Honor"]
[Site "Mondariz - Hotel Cemar"]
[Date "2002.11.30"]
[Round "1.4"]
[White "Llobel, Enrique"]
[Black "Guerra Bastida, Diego"]
[Result "1/2-1/2"]
[WhiteElo "2385"]
[BlackElo "2361"]
[PlyCount "80"]
[EventDate "2002.11.30"]

1. e4 c5 2. Nf3 d6 3. d4 cxd4 4. Nxd4 Nf6 5. f3 g6 6. Nc3 Bg7 7. Be3 Nc6 8. Qd2
O-O 9. O-O-O Nxd4 10. Bxd4 Be6 11. Kb1 Qc7 12. h4 Rfc8 13. g4 Qa5 14. a3 h5 15.
Qg5 Qxg5 16. hxg5 Nh7 17. gxh5 Nxg5 18. Bg2 Bxd4 19. Rxd4 Rc5 20. f4 Nh7 21.
hxg6 fxg6 22. f5 gxf5 23. exf5 Bxf5 24. Bxb7 Rb8 25. Rb4 Kh8 26. Bd5 Rxb4 27.
axb4 Rc8 28. Rh2 Kg7 29. Nb5 Nf6 30. Rg2+ Kf8 31. Bb3 Rb8 32. Nd4 Bd7 33. c3 e5
34. Nc2 Bf5 35. Rf2 Bxc2+ 36. Kxc2 Ke7 37. Rg2 Nh5 38. Rh2 Nf6 39. Rg2 Nh5 40.
Rh2 Nf6 1/2-1/2

[Event "Cto España Equipos Div. Honor"]
[Site "Mondariz - Hotel Cemar"]
[Date "2002.11.30"]
[Round "1.4"]
[White "Ruiz Jimenez, Francisco Jose"]
[Black "Candela Perez, J."]
[Result "1/2-1/2"]
[WhiteElo "2119"]
[BlackElo "2427"]
[PlyCount "87"]
[EventDate "2002.11.30"]

1. e4 c5 2. Nf3 d6 3. d4 cxd4 4. Nxd4 Nf6 5. Nc3 a6 6. Be3 e6 7. f3 b5 8. g4
Bb7 9. Qd2 Nfd7 10. O-O-O Nb6 11. Bg5 Qc8 12. Bd3 N8d7 13. Kb1 b4 14. Nce2 d5
15. exd5 Nxd5 16. Rhe1 Bc5 17. Bf5 Bxd4 18. Nxd4 Nc5 19. Be4 O-O 20. Bxd5 Bxd5
21. Qxb4 Rb8 22. Qa3 Qc7 23. Re3 h6 24. Rc3 hxg5 25. Qxc5 Qxh2 26. Nf5 Rfd8 27.
Ne7+ Kh7 28. Qg1 Qxg1 29. Rxg1 g6 30. Nc6 Bxc6 31. Rxc6 a5 32. Rc5 a4 33. Ra5
Rb4 34. Kc1 Rf4 35. Rf1 f5 36. Ra6 fxg4 37. Rh1+ Kg7 38. fxg4 Kf6 39. Re1 Re8
40. Rg1 Rd8 41. Re1 Re8 42. Rg1 Re4 43. Rf1+ Rf4 44. Rg1 1/2-1/2

[Event "Cto España Equipos Div. Honor"]
[Site "Mondariz - Hotel Cemar"]
[Date "2002.12.01"]
[Round "2.1"]
[White "Marin, Mihail"]
[Black "Hernandez, Gilberto"]
[Result "1/2-1/2"]
[WhiteElo "2556"]
[BlackElo "2546"]
[PlyCount "43"]
[EventDate "2002.11.30"]

1. c4 g6 2. g3 Bg7 3. Bg2 e5 4. Nc3 d6 5. d3 Ne7 6. e4 Nd7 7. Nge2 f5 8. O-O
O-O 9. exf5 Nxf5 10. b4 Kh8 11. Bb2 a6 12. Qb3 Rb8 13. Rad1 Nf6 14. d4 exd4 15.
Nxd4 Nxd4 16. Rxd4 Be6 17. Qd1 Qe7 18. Nd5 Nxd5 19. cxd5 Bf5 20. Qd2 Rbe8 21.
Rc4 Rf7 22. Rcc1 1/2-1/2

[Event "Cto España Equipos Div. Honor"]
[Site "Mondariz - Hotel Cemar"]
[Date "2002.12.01"]
[Round "2.1"]
[White "Rodriguez Guerrero, Enrique"]
[Black "Giorgadze, Giorgi"]
[Result "0-1"]
[WhiteElo "2319"]
[BlackElo "2601"]
[PlyCount "96"]
[EventDate "2002.11.30"]

1. e4 e5 2. Nf3 Nc6 3. Bb5 Nf6 4. O-O Nxe4 5. d4 Nd6 6. Bxc6 dxc6 7. dxe5 Nf5
8. Qxd8+ Kxd8 9. Nc3 h6 10. b3 a5 11. Bb2 Bd7 12. Rad1 Kc8 13. h3 Bb4 14. Ne4
Be6 15. c4 a4 16. g4 axb3 17. gxf5 Bxf5 18. Ng3 Bxh3 19. axb3 Bxf1 20. Rxf1 Rd8
21. Nf5 Rd3 22. N3d4 Ra2 23. Ba1 Kd7 24. Kg2 Rxa1 25. Rxa1 Bc3 26. Ra8 Bxd4 27.
f4 g5 28. Rf8 gxf4 29. Nxd4 Ke7 30. Rb8 Rxd4 31. Rxb7 Kd7 32. Kf3 h5 33. Rb8
Ke6 34. Rh8 Kxe5 35. Rxh5+ f5 36. Rh7 Rd3+ 37. Kf2 Rxb3 38. Rxc7 Kd6 39. Rf7
Rc3 40. Rf6+ Kc7 41. Ke2 Rxc4 42. Kd3 Rc5 43. Rh6 Rd5+ 44. Kc3 f3 45. Rh3 Kd6
46. Rxf3 Ke5 47. Kc2 f4 48. Rc3 Rd6 0-1

[Event "Cto España Equipos Div. Honor"]
[Site "Mondariz - Hotel Cemar"]
[Date "2002.12.01"]
[Round "2.1"]
[White "Rodriguez Vargas, Orestes"]
[Black "Cifuentes Parada, Roberto"]
[Result "1/2-1/2"]
[WhiteElo "2465"]
[BlackElo "2507"]
[PlyCount "75"]
[EventDate "2002.11.30"]

1. c4 e6 2. Nf3 d5 3. b3 Nf6 4. g3 c5 5. Bg2 Nc6 6. O-O Be7 7. cxd5 exd5 8. d4
Ne4 9. Bb2 Bf6 10. Na3 O-O 11. Nc2 Re8 12. e3 Bg4 13. h3 Bh5 14. g4 Bg6 15.
Nfe1 Rc8 16. f4 h6 17. Nd3 cxd4 18. f5 Bh7 19. Nxd4 Nxd4 20. exd4 Bg5 21. Re1
g6 22. fxg6 Bxg6 23. Ne5 Bh7 24. Qf3 Qf6 25. Qxf6 Nxf6 26. Bc1 Rc2 27. Rf1 Be4
28. Bxe4 Nxe4 29. Bxg5 hxg5 30. Rac1 Rxa2 31. Rc7 f6 32. Nd7 Re6 33. Rxb7 Rc6
34. Nc5 Nxc5 35. dxc5 Rxc5 36. Rxf6 Rc1+ 37. Rf1 Rcc2 38. Rff7 1/2-1/2

[Event "Cto España Equipos Div. Honor"]
[Site "Mondariz - Hotel Cemar"]
[Date "2002.12.01"]
[Round "2.2"]
[White "Arizmendi Martinez, Julen Luis"]
[Black "Narciso Dublan, Marc"]
[Result "1/2-1/2"]
[WhiteElo "2510"]
[BlackElo "2467"]
[PlyCount "91"]
[EventDate "2002.11.30"]

1. e4 d6 2. d4 Nf6 3. Nc3 g6 4. Nf3 Bg7 5. Be2 O-O 6. O-O c6 7. Bf4 Nbd7 8. a4
Qc7 9. e5 Nh5 10. Bg5 f6 11. exf6 exf6 12. Be3 f5 13. d5 Ndf6 14. Bc4 Kh8 15.
Qd2 Ne4 16. Nxe4 fxe4 17. Nd4 Nf6 18. dxc6 bxc6 19. Ne6 Bxe6 20. Bxe6 Rae8 21.
Bh3 Nd5 22. c3 Nxe3 23. fxe3 d5 24. g3 Be5 25. Rxf8+ Rxf8 26. Rf1 Kg7 27. Rxf8
Kxf8 28. b4 Qd6 29. c4 dxc4 30. Qxd6+ Bxd6 31. Bg2 Bxb4 32. Bxe4 Ke7 33. Kf2
Kd6 34. Kf3 Kc5 35. Ke2 Ba5 36. g4 Kb4 37. Bc2 Kc3 38. Kd1 Bb6 39. h4 Bxe3 40.
h5 gxh5 41. gxh5 h6 42. Be4 c5 43. Bf5 Kb3 44. Bc2+ Ka3 45. Ke2 Bf4 46. Kd1
1/2-1/2

[Event "Cto España Equipos Div. Honor"]
[Site "Mondariz - Hotel Cemar"]
[Date "2002.12.01"]
[Round "2.2"]
[White "Dominguez Perez, Lenier"]
[Black "Corral Blanco, Juan A"]
[Result "1-0"]
[WhiteElo "2608"]
[BlackElo "2463"]
[PlyCount "57"]
[EventDate "2002.11.30"]

1. e4 c5 2. Nf3 Nc6 3. d4 cxd4 4. Nxd4 Nf6 5. Nc3 d6 6. Bc4 e6 7. Be3 Be7 8.
Qe2 O-O 9. O-O-O a6 10. Bb3 Qe8 11. Rhg1 Nd7 12. g4 Nc5 13. g5 b5 14. Nxc6
Nxb3+ 15. axb3 Qxc6 16. Qh5 b4 17. Bd4 Bb7 18. Nd5 exd5 19. Rd3 Rfc8 20. c3
bxc3 21. bxc3 dxe4 22. Rh3 Kf8 23. g6 fxg6 24. Qxh7 Ke8 25. Rxg6 Qb5 26. Rxg7
Bg5+ 27. Re3 Bxe3+ 28. fxe3 Qf1+ 29. Kb2 1-0

[Event "Cto España Equipos Div. Honor"]
[Site "Mondariz - Hotel Cemar"]
[Date "2002.12.01"]
[Round "2.2"]
[White "Franco, Zenon"]
[Black "Almagro Mazariegos, Sebastian"]
[Result "1-0"]
[WhiteElo "2504"]
[BlackElo "2273"]
[PlyCount "63"]
[EventDate "2002.11.30"]

1. d4 Nf6 2. Nf3 e6 3. e3 c5 4. c4 d5 5. Nc3 Nc6 6. cxd5 exd5 7. Be2 a6 8. O-O
Bd6 9. dxc5 Bxc5 10. a3 O-O 11. b4 Ba7 12. b5 axb5 13. Nxb5 Bb8 14. Bb2 Ne4 15.
Rc1 Bg4 16. Nfd4 Qh4 17. f4 Bxe2 18. Qxe2 Nxd4 19. Nxd4 g6 20. Rfd1 Rd8 21. Nb5
Qe7 22. Qd3 f6 23. Rc2 Ra6 24. Rdc1 Qd7 25. Nd4 Nd6 26. Nb3 Qf7 27. Nc5 Rc6 28.
Nxb7 Rxc2 29. Nxd8 Rxc1+ 30. Bxc1 Qc7 31. Qxd5+ Kh8 32. Nc6 1-0

[Event "Cto España Equipos Div. Honor"]
[Site "Mondariz - Hotel Cemar"]
[Date "2002.12.01"]
[Round "2.2"]
[White "Pablo Marin, Alejandro"]
[Black "Campos Moreno, Javier B"]
[Result "1-0"]
[WhiteElo "2434"]
[BlackElo "2475"]
[PlyCount "79"]
[EventDate "2002.11.30"]

1. e4 e6 2. d4 d5 3. Nc3 Bb4 4. exd5 exd5 5. Bd3 Nc6 6. a3 Bxc3+ 7. bxc3 Nf6 8.
Ne2 O-O 9. O-O Bg4 10. f3 Bh5 11. Ng3 Bg6 12. f4 Bxd3 13. cxd3 Ne7 14. f5 Kh8
15. Bf4 Neg8 16. Be5 Re8 17. Qf3 Rc8 18. Rfe1 c5 19. dxc5 Rxc5 20. Bd4 Rc8 21.
Reb1 b6 22. a4 Rb8 23. Qf4 Nd7 24. f6 g6 25. h4 Nf8 26. h5 gxh5 27. Nxh5 Ng6
28. Qf3 Qd7 29. Ng7 Rf8 30. Nf5 h6 31. g4 Rfe8 32. Rb2 Re5 33. Rh2 Qe6 34. Nxh6
Nxh6 35. Rxh6+ Kg8 36. Bxe5 Qxe5 37. d4 Qe6 38. Kg2 Re8 39. Rah1 Qd6 40. Rxg6+
1-0

[Event "Cto España Equipos Div. Honor"]
[Site "Mondariz - Hotel Cemar"]
[Date "2002.12.01"]
[Round "2.3"]
[White "Castillo Gallego, Sergio"]
[Black "Reinaldo, Roi"]
[Result "0-1"]
[WhiteElo "2208"]
[BlackElo "2412"]
[PlyCount "62"]
[EventDate "2002.11.30"]

1. e4 g6 2. d4 Bg7 3. Nf3 d6 4. Bc4 Nf6 5. Qe2 c6 6. e5 dxe5 7. dxe5 Nd5 8. O-O
O-O 9. Bg5 Bg4 10. Nbd2 Nd7 11. h3 Bf5 12. Nb3 h6 13. Bd2 N5b6 14. e6 Nxc4 15.
exf7+ Rxf7 16. Qxc4 Nb6 17. Qh4 e6 18. Qg3 Bxc2 19. Ne5 Bxb3 20. Nxf7 Qxd2 21.
Qxg6 Bd5 22. f4 Qxg2+ 23. Qxg2 Bxg2 24. Nxh6+ Bxh6 25. Kxg2 Nd5 26. Kf3 Bxf4
27. Ke4 e5 28. Rg1+ Kf7 29. Rg2 Rh8 30. Rag1 Rxh3 31. Rg7+ Ke6 0-1

[Event "Cto España Equipos Div. Honor"]
[Site "Mondariz - Hotel Cemar"]
[Date "2002.12.01"]
[Round "2.3"]
[White "Granados Gomez, Manuel"]
[Black "Vasallo, Mauricio"]
[Result "1/2-1/2"]
[WhiteElo "2410"]
[BlackElo "2460"]
[PlyCount "104"]
[EventDate "2002.11.30"]

1. c4 g6 2. Nc3 Bg7 3. g3 e5 4. Bg2 d6 5. d3 Nc6 6. Rb1 f5 7. Nf3 Nf6 8. Bg5
Ne7 9. O-O h6 10. Bxf6 Bxf6 11. Nd2 O-O 12. Nd5 Bg7 13. Nxe7+ Qxe7 14. c5 Kh7
15. cxd6 Qxd6 16. Nc4 Qe7 17. b4 a6 18. Qc2 Rb8 19. Na5 c6 20. a4 Bd7 21. Qc5
Qd8 22. Nc4 Re8 $11 23. Qb6 Qe7 24. Qc7 Be6 25. Qxe7 Rxe7 26. Rfc1 Bd7 27. Nb6
Be8 28. b5 cxb5 29. Nd5 Rf7 30. axb5 axb5 31. Nc7 Bf8 32. Nxe8 Rxe8 33. Rxb5
Rb8 34. Rcb1 Bd6 35. Bxb7 Kg7 36. Bd5 Rxb5 37. Rxb5 Ra7 38. Rb6 Be7 39. Re6 Bf6
40. Re8 Be7 41. h3 Rc7 42. Kg2 Kf6 43. Ra8 Kg7 44. g4 h5 45. gxf5 gxf5 46. f4
exf4 47. Kf3 Rc5 48. Bc4 Bd6 49. Rg8+ Kf6 50. h4 Re5 51. d4 Re3+ 52. Kg2 Rg3+
1/2-1/2

[Event "Cto España Equipos Div. Honor"]
[Site "Mondariz - Hotel Cemar"]
[Date "2002.12.01"]
[Round "2.3"]
[White "Lezcano Jaen, Pedro"]
[Black "Campora, Daniel H"]
[Result "1/2-1/2"]
[WhiteElo "2402"]
[BlackElo "2544"]
[PlyCount "55"]
[EventDate "2002.11.30"]

1. c4 Nf6 2. g3 c6 3. Nf3 d5 4. b3 g6 5. Bb2 Bg7 6. Bg2 O-O 7. O-O a5 8. d3 Na6
9. cxd5 cxd5 10. Nc3 Bd7 11. Ne5 Be8 12. e4 Nb4 13. a3 Nc6 14. Nxc6 Bxc6 15. e5
Ne8 16. d4 Nc7 17. a4 Qd7 18. Re1 f5 19. exf6 exf6 20. Ne2 Ne6 21. Nc1 Rfe8 22.
Nd3 Bf8 23. h4 Qf7 24. Rc1 Bd6 25. Qd2 Ng7 26. Rxe8+ Nxe8 27. Re1 b6 28. Nf4
1/2-1/2

[Event "Cto España Equipos Div. Honor"]
[Site "Mondariz - Hotel Cemar"]
[Date "2002.12.01"]
[Round "2.3"]
[White "Martin Gonzalez, Angel"]
[Black "Pomes, Juan"]
[Result "1-0"]
[WhiteElo "2411"]
[BlackElo "2380"]
[PlyCount "65"]
[EventDate "2002.11.30"]

1. e4 e6 2. d4 d5 3. Nc3 Bb4 4. exd5 Qxd5 5. Nf3 Nf6 6. Bd3 O-O 7. O-O Qd8 8.
Qe2 b6 9. Ne4 Nbd7 10. Bg5 Bb7 11. Rad1 Be7 12. Ng3 g6 13. Ne5 a6 14. Rfe1 Ne8
15. Bh6 Ng7 16. Be4 Bxe4 17. Nxe4 Qe8 18. Qc4 Ra7 19. Nc6 b5 20. Qc3 b4 21.
Nxb4 Bxb4 22. Qxb4 Qa8 23. c4 Rb8 24. Qc3 Nf5 25. Bf4 f6 26. b3 Re8 27. Qa5 Qd8
28. Qa4 Kf7 29. Qc6 Ne7 30. Ng5+ fxg5 31. Qxe6+ Kg7 32. Bxg5 Nf8 33. Bf6+ 1-0

[Event "Cto España Equipos Div. Honor"]
[Site "Mondariz - Hotel Cemar"]
[Date "2002.12.01"]
[Round "2.4"]
[White "Hernando R, Jose Ma"]
[Black "De La Rocha Prieto, Ramon"]
[Result "0-1"]
[WhiteElo "2371"]
[BlackElo "2285"]
[PlyCount "114"]
[EventDate "2002.11.30"]

1. d4 d6 2. Nf3 Bg4 3. c4 Bxf3 4. exf3 g6 5. Nc3 Bg7 6. Be3 e6 7. Be2 Ne7 8. g4
d5 9. Qb3 Nbc6 10. cxd5 Nxd5 11. Qxb7 Nxd4 12. Nxd5 Qxd5 13. Qxd5 exd5 14. Rc1
O-O-O 15. Ba6+ Kb8 16. Bf4 Be5 17. Bxe5 Nxf3+ 18. Kd1 Nxe5 19. Re1 Nxg4 20. Re7
Rd6 21. Be2 Nxf2+ 22. Ke1 Ne4 23. Rcxc7 Rb6 24. b3 Nd6 25. Bf3 Rd8 26. Rcd7
Rxd7 27. Rxd7 Ra6 28. a4 Kc8 29. Re7 Kd8 30. Re5 d4 31. Rd5 Ke7 32. Rxd4 Ra5
33. Kf2 Ke6 34. Rb4 Rc5 35. Rb8 Rc2+ 36. Kg3 Rc3 37. a5 Nf5+ 38. Kf2 Nd4 39.
Bd1 Nc6 40. Rb7 Nxa5 41. Rxa7 Nxb3 42. Ra6+ Ke5 43. Ra7 Kf6 44. Ra6+ Kg7 45.
Ra7 Nc5 46. Kg2 h5 47. Rc7 Ne4 48. Re7 Nf6 49. Rb7 Rd3 50. Ba4 Ng4 51. h3 Ne5
52. Rb5 Kf6 53. Rb6+ Kg5 54. Rb4 h4 55. Kh2 f5 56. Rb2 Kf4 57. Be8 Rg3 0-1